| 000 | 00921nam a22002657a 4500 | ||
|---|---|---|---|
| 001 | 6136 | ||
| 003 | FISKH | ||
| 005 | 20250404123557.0 | ||
| 008 | 250318b cb ||||| |||| 00| 0 eng d | ||
| 020 | _a051488005995 | ||
| 040 |
_aFISKH _beng _cFISKH _dFISKH |
||
| 050 | _aPZ7.S6313 M | ||
| 082 | _a813.54 | ||
| 100 | _aSleator, William | ||
| 245 |
_aMarco's millions / _cBy William Sleator |
||
| 260 |
_aNew York : _bPuffin Books ; _c2001. |
||
| 300 |
_a161 pages : _billustrations ; _c20 cm . |
||
| 490 |
_aBoxes _vBook 1 |
||
| 520 | _aTwelve-year-old Marco's love for travel and for his younger sister Lilly, who has psychic powers, leads him to journey to other universes, gaining the ability to go wherever he wishes without growing old. | ||
| 650 |
_aSpace and time _vFiction |
||
| 650 |
_aPsychic ability _vFiction |
||
| 650 |
_aBrothers and sisters _vFiction |
||
| 942 |
_2ddc _cBK _n0 |
||
| 999 |
_c6136 _d6136 |
||